000 00960nam a2200325Ia 4500
001 Z_1260
003 CHAP
008 220113s1987 xx 000 0 und d
010 _a164348
020 _a0-444-42680-9 -C3 (v. 3, subserie C: Produccion-system approach) \ 0-444-41836-9 (series)
040 _cCHAP
082 _a636.21 D35
240 _aWord Animal Science
245 _aDairy-cattle production /
_ceditor H. O. Gravert
260 _aInglaterra :
_bElsevier,
_c1987
300 _a309 p.
440 _a(World animal science; C3)
_9138492
500 _aLa biblioteca cuenta solo con el v. 3 de la serie
503 _aej.1: s/n \ ej.2: fotocopias
504 _aIncluye bibliografía e índice
650 _aGanado lechero
_xProducción
_945288
650 _aIndustria lechera
_957819
700 _aGravert. H. O., ed.
_9138493
901 _a636.21 D35
902 _aM
910 _a1987
942 _c1
942 _cc1
999 _c164348
_d164348